00453 2200181 4500001002100000008004100021035002000062245003300082100001500115260003700130300002000167020002200187084001400209082000800223650001000231990001500241990001500256INLIS000000000003218 ind  a0010-1225000039 aSi Anak PemberanicTere Liye aLiye, Tere aDepok :bPT Sabak Grip Nusantara a435c13,5x20 cm a978-623-9607-40-1 a813 LIY s a813 aFiksi a19674/B/26 a19675/B/26